000 01909nam a2200277Ia 4500
003 PE SENCICO BE
005 20251020182439.0
008 200515s9999 xx 000 0 und d
040 _aPE SENCICO BE
_cPE SENCICO BE
041 _aspa
082 _a526.9
_bB23
100 1 _aAustin Barry, B.
_eautor
245 1 0 _aTopografía aplicada a la construcción /
_cB. Austin Barry
250 _a1a ed.
260 _aMéxico, D.F. :
_bLimusa ;
_c1976
300 _a346 páginas :
_bilustraciones, tablas, gráficos ;
_c22 cm.
490 _aBiblioteca Limusa para la industria de la construcción
505 0 _aElementos de medición en la construcción -- Diferencias de nivel -- Medición de distancias con cinta o longímetro -- Direcciones y medidas angulares -- Otros métodos para medir distancias -- Trazos de ángulos -- Estacas, trompos y señales de control para las construcciones -- Trazos y sistemas de coordenadas -- Normas para trazar una construcción -- Trazos para la construcción de edificios -- Excavación de zanjas y tendido de tuberías -- Planeación y trazo preliminar de caminos -- Curvas circulares horizontales -- Curvas parabólicas verticales -- Colocación de estacas para el trazo de caminos -- Lumbreras y túneles -- Mediciones mar adentro -- Diversas técnicas de campo y de oficina -- Medición de áreas y volúmenes -- Computaciones volumétricas
520 3 _aBrinda indicaciones precisas sobre la manera de colocar estacas en el sitio de construcción y de transferir a la estructura los detalles contenido en el plano, proporciona datos prácticos acerca de las técnicas adoptadas en la industria de la construcción.
650 1 0 _aTopografía
_94
650 2 0 _aIndustria de la construcción
_9417
650 2 0 _aConstrucción de edificios
_93259
650 2 0 _aInstrumentos de topografía
_9997
650 2 0 _aNivelación de terrenos
_93229
942 _cLIB
_2ddc
999 _c488
_d488